000 00635nam a22002172 4500
999 _c17502
_d17502
001 0000024869
003 OSt
005 20190228115211.0
008 140320s xx 000 0 eng d
020 _a0071316903 :
040 _aKABU
_cKABU
245 1 0 _aFinancial & managerial accounting :
_bthe basis for business decisions /
_cJan R. Williams ... [et al.].
250 _a16th ed.
260 _aNew York :
_bMcGraw-Hill,
_c2012.
300 _a1 v. (various pagings) ;
650 0 _aAccounting.
700 1 _aWilliams, Jan R.
908 _a140320
942 _2lcc
_cBK